000 00943nam a22002297a 4500
003 OSt
005 20180321144238.0
008 140828b2005 slv spa
040 _cCRI
082 _a613.0432
082 _a618.9201
082 _a618.92
110 1 _924635
_aEl Salvador
_bPrograma Nacional de Atención Integral en Salud a la Niñez
245 1 0 _aAtención integrada a las enfermedades prevalentes de la infancia
_b: curso para promotores(as) de salud, rotafolio de medidas preventivas
_cMinisterio de Salud Pública y Asistencia Social, Unidad de Salud Comunitaria.
260 _aSan Salvador
_bAEIPI
_c2007
300 _a1 folleto (27 p.)
_bil.
_c28 cm
597 _1Ejemp. es fotocopia enc. en tapa plástica con anillar
650 2 4 _95460
_aNiños
_xSalud e higiene
650 2 4 _924027
_aPediatría
710 1 _924018
_aEl Salvador
_bMinisterio de Salud Pública y Asistencia Social
942 _2ddc
_cBK
_hprozim
999 _c27976
_d27976